Java 2 weekend crash course (Record no. 6144)
[ view plain ]
| 000 -LEADER | |
|---|---|
| fixed length control field | 00964 a2200229 4500 |
| 020 ## - INTERNATIONAL STANDARD BOOK NUMBER | |
| International Standard Book Number | 8126501820 |
| 040 ## - CATALOGING SOURCE | |
| Original cataloging agency | DLC |
| Language of cataloging | DLC |
| 082 00 - DEWEY DECIMAL CLASSIFICATION NUMBER | |
| Classification number | 005.133 |
| 100 1# - MAIN ENTRY--PERSONAL NAME | |
| Personal name | Sanchez, Julio, |
| 245 10 - TITLE STATEMENT | |
| Title | Java 2 weekend crash course |
| Statement of responsibility, etc. | Julio Sanchez and Maria P. Canton. |
| 246 3# - VARYING FORM OF TITLE | |
| Title proper/short title | Java two weekend crash course |
| 260 ## - PUBLICATION, DISTRIBUTION, ETC. | |
| Place of publication, distribution, etc. | New Dehli, India : |
| Name of publisher, distributor, etc. | IDG Books, |
| Date of publication, distribution, etc. | c2001. |
| 300 ## - PHYSICAL DESCRIPTION | |
| Extent | xxiv, 427 p. : |
| Other physical details | ill. ; |
| Dimensions | 24 cm. + |
| Accompanying material | 1 computer optical disc (4 3/4 in.) |
| 500 ## - GENERAL NOTE | |
| General note | Includes index. |
| 538 ## - SYSTEM DETAILS NOTE | |
| System details note | System requirements for accompanying computer disc: Windows 95/NT/2000. |
| 650 #0 - SUBJECT ADDED ENTRY--TOPICAL TERM | |
| Topical term or geographic name entry element | Java (Computer program language) |
| 700 1# - ADDED ENTRY--PERSONAL NAME | |
| Personal name | Canton, Maria P. |
| 856 42 - ELECTRONIC LOCATION AND ACCESS | |
| Materials specified | Contributor biographical information |
| Uniform Resource Identifier | <a href="http://www.loc.gov/catdir/bios/wiley045/00047150.html">http://www.loc.gov/catdir/bios/wiley045/00047150.html</a> |
| 856 42 - ELECTRONIC LOCATION AND ACCESS | |
| Materials specified | Publisher description |
| Uniform Resource Identifier | <a href="http://www.loc.gov/catdir/description/wiley038/00047150.html">http://www.loc.gov/catdir/description/wiley038/00047150.html</a> |
| 856 42 - ELECTRONIC LOCATION AND ACCESS | |
| Materials specified | Table of contents |
| Uniform Resource Identifier | <a href="http://www.loc.gov/catdir/toc/wiley021/00047150.html">http://www.loc.gov/catdir/toc/wiley021/00047150.html</a> |
| 942 ## - ADDED ENTRY ELEMENTS (KOHA) | |
| Koha item type | Book |
| Call number prefix | 005.133 SAN |
| Source of classification or shelving scheme | |
| Withdrawn status | Lost status | Damaged status | Not for loan | Collection code | Permanent Location | Current Location | Shelving location | Date acquired | Source of acquisition | Cost, normal purchase price | Total Checkouts | Full call number | Barcode | Date last seen | Date last checked out | Price effective from | Koha item type | Total Renewals |
|---|---|---|---|---|---|---|---|---|---|---|---|---|---|---|---|---|---|---|
| Central Library (CL) | Central Library (CL) | First Floor - Software Engineering/ Programming Language | 09/13/2001 | Pak American | 426.87 | 2 | 005.133 SAN | SEECS001365 | 03/02/2019 | 01/29/2019 | 01/05/2017 | Book | ||||||
| Central Library (CL) | Central Library (CL) | First Floor - Software Engineering/ Programming Language | 09/13/2001 | Pak American | 426.87 | 2 | 005.133 SAN | SEECS001364 | 02/08/2020 | 12/08/2019 | 01/05/2017 | Book | 4 | |||||
| Central Library (CL) | Central Library (CL) | First Floor - Software Engineering/ Programming Language | 07/30/2001 | Pak American | 426.87 | 005.133 SAN | SEECS001104 | 11/14/2012 | 01/05/2017 | Book | ||||||||
| Central Library (CL) | Central Library (CL) | First Floor - Software Engineering/ Programming Language | 06/13/2001 | Pak American | 426.87 | 1 | 005.133 SAN | SEECS001362 | 06/08/2014 | 05/25/2014 | 01/05/2017 | Book |
